|
|
|
|
| LEADER |
00000nab a2200000 a 4500 |
| 001 |
vtls008991402 |
| 003 |
SK-MaSNL |
| 005 |
20260426083508.0 |
| 008 |
250505c2007 xo mr|p|||||||000 b|slo |
| 015 |
|
|
|a SNBRB2007/05
|2 snkbucl
|
| 035 |
|
|
|a (uuid)fe84ae18-013c-4ffd-8924-1d2138336b85
|
| 035 |
|
|
|a urn:nbn:sk:snk-abesyn
|
| 035 |
|
|
|a (urnnbn)urn:nbn:sk:snk:ar-000b1t
|
| 038 |
|
|
|a SNKBUCL
|
| 040 |
|
|
|a SNKBUCL
|b slo
|c SNKBUCL
|e AACR2
|
| 041 |
0 |
|
|a slo
|
| 044 |
|
|
|a xo
|c SK
|
| 080 |
|
|
|a 343.611-051
|x (437.6)
|x (048)
|2 1997
|
| 080 |
|
|
|a 343.3/.7
|x (437.6)
|x (048)
|2 1997
|
| 080 |
|
|
|a 82.09:821.162.4-9
|x (048)
|2 1997
|
| 080 |
|
|
|a 821.162.4-9
|x (048)
|2 1997
|
| 100 |
1 |
|
|a Justus, Richard
|4 aut
|9 1284172
|
| 245 |
1 |
0 |
|a S Kainovým znamením
|c Richard Justus
|
| 650 |
0 |
7 |
|a vrahovia
|2 snkbucl
|9 4572
|
| 650 |
0 |
7 |
|a kriminálne prípady
|2 snkbucl
|9 4545
|
| 650 |
0 |
7 |
|a literatúra faktu
|2 snkbucl
|9 18459
|
| 651 |
|
7 |
|a Slovensko
|2 snkbucl
|9 14231
|
| 655 |
|
7 |
|a recenzie
|2 snkbucl
|9 21907
|
| 773 |
0 |
|
|t Slovenské pohľady
|g Roč. IV.+123., č. 5 (2007), s. 137-138
|x 1335-7786
|
| 787 |
0 |
8 |
|i Rec.:
|a Čomaj, Ján
|t Čakanie na koniec : príbehy odsúdených na doživotie
|d Bratislava : Albert Marenčin - Vydavateľstvo PT, 2006
|z 8089218253
|
| 850 |
|
|
|a Slovenská národná knižnica
|
| 852 |
|
|
|a Slovenská národná knižnica
|
| 958 |
|
|
|a article27
|
| 958 |
|
|
|a LX
|
| 958 |
|
|
|a SK
|
| 958 |
|
|
|a RC
|
| 958 |
|
|
|a OND
|
| 958 |
|
|
|a EUIPO
|
| 999 |
|
|
|c 2905713
|d 2907643
|